Romániai magyar irodalom (1970-1990)
Elmentve itt :
| Szerző: | |
|---|---|
| Adatforrás: | Meister |
| Forrásdokumentuma: | Látó. - 3 sz., 1991, 372-375 p. |
| Nyelv: | magyar |
| Kulcsszavak: | irodalomtörténet magyar irodalom (romániai) Debrecen Debreceni Irodalmi Napok |
| LEADER | 00437nab a2200157 i 4500 | ||
|---|---|---|---|
| 001 | bibPRO00010014 | ||
| 008 | 060524s1991 xx hun | ||
| 040 | |a Sz1 | ||
| 041 | |a hun | ||
| 100 | 1 | |a JÓKAI Anna | |
| 245 | 1 | 0 | |a Romániai magyar irodalom (1970-1990) |c JÓKAI Anna |
| 695 | |a irodalomtörténet | ||
| 695 | |a magyar irodalom (romániai) | ||
| 695 | |a Debrecen | ||
| 695 | |a Debreceni Irodalmi Napok | ||
| 773 | 0 | |t Látó. - |g 3 sz., 1991, 372-375 p. | |